| 000 | 00437nam a2200181Ia 4500 | ||
|---|---|---|---|
| 001 | 12940 | ||
| 005 | 20260306163017.0 | ||
| 008 | 260306t2005||||xx |||||||||||||| ||spa|| | ||
| 041 | _aESP | ||
| 082 |
_aRD 463 _bR31D |
||
| 110 | _aReal Academia Española | ||
| 245 | 0 | _aDiccionario panhispánico de dudas | |
| 260 | _c2005 | ||
| 300 |
_axxl, 848 páginas : _c24 cm. |
||
| 650 | _aGEN | ||
| 654 | _aCHU | ||
| 942 |
_cDIC _dJUS _fJUS _2ddc _n |
||
| 999 |
_c12940 _d12940 |
||